Bhutan : (Record no. 1164)

MARC details
000 -LEADER
fixed length control field 00430nam a2200157 4500
001 - CONTROL NUMBER
control field 1561
005 - DATE AND TIME OF LATEST TRANSACTION
control field 20181127163518.0
090 00 - LOCALLY ASSIGNED LC-TYPE CALL NUMBER (OCLC); LOCAL CALL NUMBER (RLIN)
Classification number (OCLC) (R) ; Classification number, CALL (RLIN) (NR) 954.98 T7275b 2006.
110 ## - MAIN ENTRY--CORPORATE NAME
Corporate name or jurisdiction name as entry element Department of Tourism.
Subordinate unit
Location of meeting
Date of meeting or treaty signing
Relator term
Number of part/section/meeting
Name of part/section of a work
245 ## - TITLE STATEMENT
Title Bhutan :
Remainder of title Land of the thunder dragon.
Statement of responsibility, etc.
Inclusive dates
Bulk dates
Medium
Form
Number of part/section of a work
Name of part/section of a work
Version
250 00 - EDITION STATEMENT
Edition statement
260 00 - PUBLICATION, DISTRIBUTION, ETC.
Place of publication, distribution, etc. Thimphu:
Name of publisher, distributor, etc. Department of Tourism,
Date of publication, distribution, etc. 2006.
300 00 - PHYSICAL DESCRIPTION
Extent 32 p.
500 00 - GENERAL NOTE
General note In English.
651 ## - SUBJECT ADDED ENTRY--GEOGRAPHIC NAME
Geographic name Bhutan
Form subdivision
General subdivision Pictorial works.
Chronological subdivision
Geographic subdivision
Source of heading or term
Holdings
Withdrawn status Lost status Source of classification or shelving scheme Damaged status Not for loan Collection code Home library Current library Shelving location Serial Enumeration / chronology Inventory number Total Checkouts Full call number Barcode Date last seen Price effective from Koha item type
    Dewey Decimal Classification     Reference RTC Library RTC Library Reference 1801   954.98 BHU 30001903 27/11/2018 27/11/2018 Reference
Royal Thimphu College || All Right Reserved